Statystyki dla Najmniejsze państwa graniczące ze sobą

Kliknij tutaj aby rozwiązać quiz!

Ogólne statystyki

  • Ten quiz został rozwiązany 298 razy
  • Średni wynik to 17 z 24

Statystyki odpowiedzi

Państwa% Poprawnych
Liechtenstein
85%
Szwajcaria
82%
Austria
80%
Luksemburg
78%
Kosowo
77%
Belgia
75%
Czarnogóra
75%
Słowenia
75%
Watykan
75%
Chorwacja
74%
Macedonia Północna
74%
Albania
73%
Bośnia i Hercegowina
73%
San Marino
73%
Serbia
73%
Holandia
72%
Włochy
70%
Haiti
64%
Dominikana
63%
Burundi
52%
Rwanda
52%
Izrael
50%
Liban
48%
Jordania
44%

Rozkład punktacji

Percentyl według liczby udzielonych odpowiedzi

Procent ludzi z każdym wynikiem

Twoja historia wyników

Nie rozwiązałeś tego quizu